| 000 | 00882nam a22002537a 4500 | ||
|---|---|---|---|
| 003 | OSt | ||
| 005 | 20250616154238.0 | ||
| 008 | 250616b |||||||| |||| 00| 0 eng d | ||
| 020 | _a9780128213605 (paperback) | ||
| 040 |
_aNUST _beng _cNUST _dNUST _erda |
||
| 050 | _aTK7881.15 BOS | ||
| 100 |
_aBose, Bimal K. _eAuthor |
||
| 245 |
_aPower electronics and motor drives : _badvances and trends / _cBimal K. Bose. |
||
| 250 | _aSecond edition. | ||
| 260 |
_aLondon : _bAcademic Press, _c©2021. |
||
| 300 |
_axx, 1088 pages : _bIllustrations ; _c24 cm. |
||
| 336 |
_2rdacontent _atext _btxt |
||
| 337 |
_2rdamedia _aunmediated _bn |
||
| 338 |
_2rdacarrier _avolume _bnc |
||
| 504 | _aIncludes bibliographical references and index. | ||
| 650 | _vElectronic motors. | ||
| 650 | _vPower electronics. | ||
| 942 |
_2lcc _cBOOKS _eSecond edition. _hTK7881.15 BOS _kTK _mBOS _n0 |
||
| 999 |
_c172014 _d172014 |
||